000 00372nam a2200145 i 4500
001 bg
100 1 _aSZCZEPAŃSKI, Jerzy
245 0 _aPentaconta :
_bzagadnienia systemowe /
_cJerzy Szczepański, Jerzy Miernik.
260 _aWarszawa,
_c1977.
700 1 _aMIERNIK, Jerzy
040 _cBPK
041 _apol
942 _cKS
008 s pl f |000 0 pol
999 _c27606
_d27606
856 _uhttp://koha.tu.koszalin.pl/cgi-bin/koha/opac-detail.pl?biblionumber=27606
_yKatalog online BPK